Months of the Year - Sudden Death - Statistics

General Stats
  • This quiz has been taken 161 times
  • The average score is 9 of 12
Answers on the Grid
Answers color-coded by a green-red scale on the quiz's grid according to % correct below.
January
February
March
April
May
June
July
August
September
October
November
December
Apruary
Gregoruary
Juliuwary
Undecimber
Duodecimber
Autumnuary
Summer
Winteruary
Christmas
Easteruary
Julyuary
Febuary
 
Answer Stats
Answer % Correct
April
77%
June
76%
March
76%
January
75%
July
75%
May
75%
December
74%
September
71%
November
70%
August
68%
October
67%
February
60%
No matching quizzes found
Score Distribution
Percent of People with Each Score
Percentile by Number Answered
Your Score History
You have not taken this quiz